000 00388nam a2200157Ia 4500
003 Ost
005 20260225132537.0
008 260225s9999||||xx |||||||||||||| ||und||
040 _cfsic
041 _afre
082 _a384.55
100 _aShini elisabeth maubassin
_eAuteur
245 0 _aLes questions cles de l'audiovisuel /
245 0 _cShini elisabeth maubassin
942 _cكتاب
999 _c33306
_d33306